Normal view MARC view
  • POLAND - SOCIAL LIFE AND CUSTOMS - FICTION

Entry Topical Term

Number of records used in: 1

001 - CONTROL NUMBER

  • control field: 4295

003 - CONTROL NUMBER IDENTIFIER

  • control field: CBULib

005 - DATE AND TIME OF LATEST TRANSACTION

  • control field: 20250128131225.0

008 - FIXED-LENGTH DATA ELEMENTS

  • fixed length control field: 250128|| aca||babn | a|a d

040 ## - CATALOGING SOURCE

  • Original cataloging agency: CBULib

150 ## - HEADING--TOPICAL TERM

  • Topical term or geographic name entry element: POLAND - SOCIAL LIFE AND CUSTOMS - FICTION